<?xml version="1.0" encoding="UTF-8"?>
<record
    xmlns:xsi="http://www.w3.org/2001/XMLSchema-instance"
    xsi:schemaLocation="http://www.loc.gov/MARC21/slim http://www.loc.gov/standards/marcxml/schema/MARC21slim.xsd"
    xmlns="http://www.loc.gov/MARC21/slim">

  <leader>00456    a2200193   4500</leader>
  <controlfield tag="001">136645</controlfield>
  <datafield tag="020" ind1=" " ind2=" ">
    <subfield code="a">9788537101711</subfield>
  </datafield>
  <datafield tag="040" ind1=" " ind2=" ">
    <subfield code="c">Leonardo Da Vinci</subfield>
  </datafield>
  <datafield tag="041" ind1=" " ind2=" ">
    <subfield code="a">Portugu&#xEA;s</subfield>
  </datafield>
  <datafield tag="082" ind1=" " ind2=" ">
    <subfield code="a">657 G613c</subfield>
    <subfield code="b">G613c</subfield>
  </datafield>
  <datafield tag="100" ind1=" " ind2=" ">
    <subfield code="a">GOMES, Carlos Roberto</subfield>
  </datafield>
  <datafield tag="245" ind1=" " ind2=" ">
    <subfield code="a">Contabilidade b&#xE1;sica</subfield>
  </datafield>
  <datafield tag="250" ind1=" " ind2=" ">
    <subfield code="a">3. ed</subfield>
  </datafield>
  <datafield tag="260" ind1=" " ind2=" ">
    <subfield code="b">Viena</subfield>
    <subfield code="c">2008</subfield>
    <subfield code="a">Rio Pardo, SP</subfield>
  </datafield>
  <datafield tag="362" ind1=" " ind2=" ">
    <subfield code="a">20080000</subfield>
  </datafield>
  <datafield tag="490" ind1=" " ind2=" ">
    <subfield code="a">Cole&#xE7;&#xE3;o Premium</subfield>
  </datafield>
  <datafield tag="697" ind1=" " ind2=" ">
    <subfield code="a">Contabilidade</subfield>
    <subfield code="a">FIPEN</subfield>
  </datafield>
  <datafield tag="942" ind1=" " ind2=" ">
    <subfield code="c">BK</subfield>
  </datafield>
  <datafield tag="952" ind1=" " ind2=" ">
    <subfield code="0">0</subfield>
    <subfield code="1">0</subfield>
    <subfield code="4">0</subfield>
    <subfield code="7">0</subfield>
    <subfield code="a">71.1</subfield>
    <subfield code="b">71.1</subfield>
    <subfield code="d">2024-03-27</subfield>
    <subfield code="l">0</subfield>
    <subfield code="o">657 G613c</subfield>
    <subfield code="p">O014354</subfield>
    <subfield code="r">2024-03-27 22:36:47</subfield>
    <subfield code="w">2024-03-27</subfield>
    <subfield code="y">BK</subfield>
  </datafield>
  <datafield tag="952" ind1=" " ind2=" ">
    <subfield code="0">0</subfield>
    <subfield code="1">0</subfield>
    <subfield code="4">0</subfield>
    <subfield code="7">0</subfield>
    <subfield code="a">71.1</subfield>
    <subfield code="b">71.1</subfield>
    <subfield code="d">2024-03-27</subfield>
    <subfield code="l">0</subfield>
    <subfield code="o">657 G613c</subfield>
    <subfield code="p">O014345</subfield>
    <subfield code="r">2024-03-27 22:36:47</subfield>
    <subfield code="w">2024-03-27</subfield>
    <subfield code="y">BK</subfield>
  </datafield>
  <datafield tag="952" ind1=" " ind2=" ">
    <subfield code="0">0</subfield>
    <subfield code="1">0</subfield>
    <subfield code="4">0</subfield>
    <subfield code="7">0</subfield>
    <subfield code="a">71.1</subfield>
    <subfield code="b">71.1</subfield>
    <subfield code="d">2024-03-27</subfield>
    <subfield code="l">0</subfield>
    <subfield code="o">657 G613c</subfield>
    <subfield code="p">O014346</subfield>
    <subfield code="r">2024-03-27 22:36:47</subfield>
    <subfield code="w">2024-03-27</subfield>
    <subfield code="y">BK</subfield>
  </datafield>
  <datafield tag="952" ind1=" " ind2=" ">
    <subfield code="0">0</subfield>
    <subfield code="1">0</subfield>
    <subfield code="4">0</subfield>
    <subfield code="7">0</subfield>
    <subfield code="a">71.1</subfield>
    <subfield code="b">71.1</subfield>
    <subfield code="d">2024-03-27</subfield>
    <subfield code="l">0</subfield>
    <subfield code="o">657 G613c</subfield>
    <subfield code="p">O014347</subfield>
    <subfield code="r">2024-03-27 22:36:47</subfield>
    <subfield code="w">2024-03-27</subfield>
    <subfield code="y">BK</subfield>
  </datafield>
  <datafield tag="952" ind1=" " ind2=" ">
    <subfield code="0">0</subfield>
    <subfield code="1">0</subfield>
    <subfield code="4">0</subfield>
    <subfield code="7">0</subfield>
    <subfield code="a">71.1</subfield>
    <subfield code="b">71.1</subfield>
    <subfield code="d">2024-03-27</subfield>
    <subfield code="l">0</subfield>
    <subfield code="o">657 G613c</subfield>
    <subfield code="p">O014348</subfield>
    <subfield code="r">2024-03-27 22:36:47</subfield>
    <subfield code="w">2024-03-27</subfield>
    <subfield code="y">BK</subfield>
  </datafield>
  <datafield tag="952" ind1=" " ind2=" ">
    <subfield code="0">0</subfield>
    <subfield code="1">0</subfield>
    <subfield code="4">0</subfield>
    <subfield code="7">0</subfield>
    <subfield code="a">71.1</subfield>
    <subfield code="b">71.1</subfield>
    <subfield code="d">2024-03-27</subfield>
    <subfield code="l">0</subfield>
    <subfield code="o">657 G613c</subfield>
    <subfield code="p">O014349</subfield>
    <subfield code="r">2024-03-27 22:36:47</subfield>
    <subfield code="w">2024-03-27</subfield>
    <subfield code="y">BK</subfield>
  </datafield>
  <datafield tag="952" ind1=" " ind2=" ">
    <subfield code="0">0</subfield>
    <subfield code="1">0</subfield>
    <subfield code="4">0</subfield>
    <subfield code="7">0</subfield>
    <subfield code="a">71.1</subfield>
    <subfield code="b">71.1</subfield>
    <subfield code="d">2024-03-27</subfield>
    <subfield code="l">0</subfield>
    <subfield code="o">657 G613c</subfield>
    <subfield code="p">O014350</subfield>
    <subfield code="r">2024-03-27 22:36:47</subfield>
    <subfield code="w">2024-03-27</subfield>
    <subfield code="y">BK</subfield>
  </datafield>
  <datafield tag="952" ind1=" " ind2=" ">
    <subfield code="0">0</subfield>
    <subfield code="1">0</subfield>
    <subfield code="4">0</subfield>
    <subfield code="7">0</subfield>
    <subfield code="a">71.1</subfield>
    <subfield code="b">71.1</subfield>
    <subfield code="d">2024-03-27</subfield>
    <subfield code="l">0</subfield>
    <subfield code="o">657 G613c</subfield>
    <subfield code="p">O014351</subfield>
    <subfield code="r">2024-03-27 22:36:48</subfield>
    <subfield code="w">2024-03-27</subfield>
    <subfield code="y">BK</subfield>
  </datafield>
  <datafield tag="952" ind1=" " ind2=" ">
    <subfield code="0">0</subfield>
    <subfield code="1">0</subfield>
    <subfield code="4">0</subfield>
    <subfield code="7">0</subfield>
    <subfield code="a">71.1</subfield>
    <subfield code="b">71.1</subfield>
    <subfield code="d">2024-03-27</subfield>
    <subfield code="l">0</subfield>
    <subfield code="o">657 G613c</subfield>
    <subfield code="p">O014352</subfield>
    <subfield code="r">2024-03-27 22:36:48</subfield>
    <subfield code="w">2024-03-27</subfield>
    <subfield code="y">BK</subfield>
  </datafield>
  <datafield tag="952" ind1=" " ind2=" ">
    <subfield code="0">0</subfield>
    <subfield code="1">0</subfield>
    <subfield code="4">0</subfield>
    <subfield code="7">0</subfield>
    <subfield code="a">71.1</subfield>
    <subfield code="b">71.1</subfield>
    <subfield code="d">2024-03-27</subfield>
    <subfield code="l">0</subfield>
    <subfield code="o">657 G613c</subfield>
    <subfield code="p">O014353</subfield>
    <subfield code="r">2024-03-27 22:36:48</subfield>
    <subfield code="w">2024-03-27</subfield>
    <subfield code="y">BK</subfield>
  </datafield>
  <datafield tag="999" ind1=" " ind2=" ">
    <subfield code="c">136645</subfield>
    <subfield code="d">136645</subfield>
  </datafield>
</record>
